000
00293nam a22001337a 4500
008
180302b xxu||||| |||| 00| 0 eng d
020
_a
9780813326351
041
_a
eng
080
_a
316
100
_a
50
101
_a
SOC
245
_a
What does your wife do?
_c
Beeghley,L
942
_2
udc
_c
BK
999
_c
44045
_d
44045